000 00865nam a2200241 i 4500
001 124659
003 ES-MaACL
005 20230906192450.0
007 t|
008 070417s1920 sp ||||1| spa d
080 _a821.134.2-293.22"18"
100 1 _aPerrín, Guillermo.
_991357
245 1 0 _aCuadros disolventes
_b: apropósito cómico-lírico-fantástico inverosímil en un acto y cinco cuadros /
_coriginal de Guillermo Perrín y Miguel de Palacios.
260 _a[Madrid :
_bLa Novela Teatral,
_c1920]
300 _a8 h. ;
_c20 cm.
490 1 _aLa novela teatral ;
_v194
500 _aEn la cub. caricatura de Enrique Gandía por Tovar.
700 1 _aPalacios, Miguel de.
_988415
700 0 _aTovar
_c, ilustrador.
_9157378
830 0 _aLa novela teatral ;
_v194
_9122427
852 _aES-MaACL
_j2215-F-44
_bR.138767
999 _c124659
_d124659